Central Library OPAC University of Rajshahi

Setting for demographic analysis in East Pakistan / (Record no. 35981)

MARC details
000 -LEADER
fixed length control field 00809cam a2200253 4500
001 - CONTROL NUMBER
control field 35981
003 - CONTROL NUMBER IDENTIFIER
rucl marc code BD-RjUL
005 - DATE AND TIME OF LATEST TRANSACTION
control field 20211209052420.0
008 - FIXED-LENGTH DATA ELEMENTS--GENERAL INFORMATION
fixed length control field 140612s1968 bg b b 000 0 eng
035 ## - SYSTEM CONTROL NUMBER
System control number (BD-RjUL)36078
040 ## - CATALOGING SOURCE
Original cataloging agency DLC
Transcribing agency DLC
Modifying agency BD-RjUL
Language of cataloging eng
041 ## - LANGUAGE CODE
Language code of text/sound track or separate title eng
082 00 - DEWEY DECIMAL CLASSIFICATION NUMBER
Classification number 915.492
Author mark and year OBS 1968
100 1# - MAIN ENTRY--PERSONAL NAME
Personal name Obaidullah, M.
9 (RLIN) 109529
245 10 - TITLE STATEMENT
Title Setting for demographic analysis in East Pakistan /
Statement of responsibility, etc. [by] M. Obaidullah.
260 ## - PUBLICATION, DISTRIBUTION, ETC. (IMPRINT)
Place of publication, distribution, etc. Dacca :
Name of publisher, distributor, etc. Institute of Statistical Research and Training, University of Dacca,
Date of publication, distribution, etc. 1968.
300 ## - PHYSICAL DESCRIPTION
Pagination 47 p. ;
Illustrations maps. ;
Size 24 cm.
504 ## - BIBLIOGRAPHY, ETC. NOTE
Bibliography, etc Bibliographical footnotes.
651 #0 - SUBJECT ADDED ENTRY--GEOGRAPHIC NAME
Geographic name Bangladesh
General subdivision Economic conditions.
9 (RLIN) 109530
Geographic name Bangladesh
General subdivision Social conditions.
9 (RLIN) 109531
942 ## - ADDED ENTRY ELEMENTS (KOHA)
Source of classification or shelving scheme Dewey Decimal Classification
Koha item type Books
Holdings
Lost status Source of classification or shelving scheme Damaged status Not for loan Collection code Permanent Location Current Location Shelving location Date acquired Source of acquisition Cost, normal purchase price Total Checkouts Full call number Date last seen Copy number Koha item type
  Dewey Decimal Classification   Not For Loan Non-fiction Central Library, University of Rajshahi Central Library, University of Rajshahi Reading Room 23/01/1970 Royal BooK Co. 7.00   915.492 OBS 1968 12/06/2014 C-1 Books